Countries by National Bird - Statistics

General Stats
  • This quiz has been taken 9 times
  • The average score is 11 of 18
Answer Stats
Hint Answer % Correct
Kiwi New Zealand
100%
Spanish Eagle Spain
100%
Mali Firefinch Mali
89%
Bald Eagle United States of America
89%
Venezuelan Troupial Venezuela
89%
Arabian Grosbeak Yemen
89%
Rhinoceros Hornbill Malaysia
78%
Raggiana Bird-of-Paradise Papua New Guinea
67%
Gray Crowned-Crane Uganda
67%
Northern Lapwing Ireland
56%
Gray Peacock-Pheasant Myanmar
56%
Keel-Billed Toucan Belize
44%
Collared Lory Fiji
33%
Red-Billed Streamertail Jamaica
33%
Great Kiskadee Suriname
33%
Southern Lapwing Uruguay
33%
Southern Bald Ibis Lesotho
22%
Blue Rock-Thrush Malta
22%
No matching quizzes found
Score Distribution
Percent of People with Each Score
Percentile by Number Answered
Your Score History
You have not taken this quiz